[Event "21st Alekhine FIDE 2017"]
[Site "Voronezh"]
[Date "2017.06.13"]
[Round "2"]
[White "Ponomariov, Timur"]
[Black "Rozmanov, Aleksandr"]
[Result "1-0"]
[WhiteElo "2196"]
[BlackElo "1928"]
[Annotator "TA"]
[PlyCount "65"]
[EventDate "2017.??.??"]
[EventType "swiss"]
[EventCountry "RUS"]
[SourceTitle "playchess.com"]
[Source "ChessBase"]
[SourceQuality "1"]

{[%evp 18,65,19,-7,-8,-17,-6,-22,-12,-75,-75,-75,-72,-102,-83,-95,-41,-49,-49,-57,-55,-68,-8,0,-8,-5,1,2,150,145,208,200,179,178,220,132,222,222,366,372,358,367,516,516,686,673,872,875,739,652]} 1. e4 e5 2. Nf3 Nc6 3. Bb5 a6 4. Ba4 Nf6 5. O-O b5 6. Bb3 Bc5 {[#]} 7. Nxe5 $1 {[%mdl 512]} Nxe5 8. d4 Bxd4 9. Qxd4 d6 10. c3 c5 {[%cal Bc7c5,Bc5c4][%mdl 32] C78: Ruy Lopez: Archangelsk and Möller Defences} 11. Qe3 (11. Qd1 O-O 12. f3 d5 13. exd5 Bf5 14. Bc2 Bxc2 15. Qxc2 c4 16. Be3 Nxd5 17. Bd4 Nd3 18. Nd2 {0-1 (34) Bersamina,P (2417)-Gustafsson,J (2626) Bangkok 2017}) 11... O-O 12. Nd2 Re8 {The position is equal.} 13. Nf3 $146 (13. Bc2 $11) ({Predecessor:} 13. Bc2 Bb7 14. Qh3 c4 15. Re1 Ng6 16. Qg3 Qb6 17. Kf1 Re6 18. b3 cxb3 19. axb3 {1-0 (43) Singh,G (2295)-Lane,G (2369) Kuala Lumpur 2011}) 13... Neg4 $17 14. Qd2 Bb7 (14... Rxe4 $6 15. Bd5 $16) 15. Ng5 c4 16. Bd1 h6 (16... Nxe4 17. Nxe4 Rxe4 18. f3 $16) (16... Bxe4 17. Bxg4 Bd3 18. Bf3 $16) (16... Ne5 $17 17. Bc2 h6) 17. Bxg4 $1 $15 Nxg4 18. Nh3 $1 Bxe4 {Strongly threatening ...Bd3.} 19. f3 Bd3 (19... Qb6+ $1 $15 20. Qd4 Qxd4+ 21. cxd4 Bd3 22. fxg4 Bxf1 23. Kxf1 Re4) 20. fxg4 $11 {Re1 is the strong threat.} Bxf1 21. Kxf1 Qh4 22. Qd1 $1 f5 {[#]} (22... Re6 $11 {remains equal.}) 23. g5 $1 $16 hxg5 (23... Qg4 $16 {might work better.} 24. Bf4 hxg5 25. Bxg5 Rac8) 24. Qd5+ $18 (24. Bxg5 Qe4) (24. Nxg5 Qxh2 25. Be3 (25. Qd5+ Kh8 $11) 25... Rab8 $14) 24... Kh8 {[%csl Ge8][%cal Rh4e1]} 25. Bxg5 Qg4 26. Rd1 ({Not} 26. Qxd6 Qe2+ 27. Kg1 Qxb2 $14) 26... Qe2+ (26... Rab8 $16) 27. Kg1 Rac8 (27... Qxb2 $142 28. Bd2 Qc2) 28. Nf4 ({Weaker is} 28. Qxd6 Re6 $16) 28... Qg4 29. h4 Rc5 (29... Re4 $142 30. Rf1 Rce8) 30. Qxd6 {aiming for Rd4.White is clearly winning.} Rc6 31. Qd7 Kh7 32. Rf1 ({Inferior is} 32. Qxc6 Qxd1+ 33. Kh2 Re1 $11) 32... Rec8 33. Ne6 {Precision: White = 60%, Black = 39%.} 1-0

[Event "21st Alekhine FIDE 2017"]
[Site "Voronezh"]
[Date "2017.06.13"]
[Round "2"]
[White "Puchko, Nikolay"]
[Black "Filippov, Vladimir"]
[Result "0-1"]
[WhiteElo "2154"]
[BlackElo "1882"]
[Annotator "TA"]
[PlyCount "199"]
[EventDate "2017.??.??"]
[EventType "swiss"]
[EventCountry "RUS"]
[SourceTitle "playchess.com"]
[Source "ChessBase"]
[SourceQuality "1"]

{[%evp 9,199,12,11,12,29,15,23,20,23,23,24,-31,-16,-17,-22,-15,-20,-37,-42,-41,-15,-52,-42,-61,-23,-26,-11,-39,-27,-36,-40,-41,-41,-45,-45,-104,0,0,9,7,209,126,109,97,81,63,45,13,11,5,5,0,16,0,0,0,0,0,0,-22,0,0,0,-53,-56,-96,-93,-89,-83,-97,-98,-110,-107,-106,-107,-189,-192,-233,0,-48,-48,-48,-39,-113,-108,-130,-127,-107,-27,-43,-33,-145,-116,-145,-149,-158,-158,-141,-149,-130,0,0,0,0,12,12,16,16,19,16,18,19,19,19,19,8,16,16,16,16,16,16,14,12,12,12,12,11,12,12,14,14,16,16,16,12,16,14,16,16,16,16,16,15,12,12,12,0,12,12,12,12,12,9,10,0,0,0,9,0,0,0,5,5,5,4,6,-8,-8,-8,-8,-8,-8,0,0,-8,-8,-8,-25,-7539,-5857,-29976,-29976,-29976,-29977,-29971,-29971,-29978,-29979,-29979,-29980,-29980]} 1. e4 g6 2. d4 Bg7 3. Nc3 d6 4. g3 Nf6 5. Bg2 O-O 6. h3 {B07: Pirc Defence: Miscellaneous Systems} (6. Nge2 Nbd7 7. O-O c5 8. h3 Rb8 9. a4 b6 10. Re1 a6 11. g4 cxd4 12. Nxd4 Bb7 13. Nde2 Qc7 14. Ng3 Rbc8 15. Re2 e6 16. g5 Ne8 17. h4 Ne5 {0-1 (30) Vitiugov,N (2721)-Bocharov,D (2611) Sochi 2016}) 6... c5 7. dxc5 dxc5 8. Qxd8 {White has an edge.} Rxd8 9. e5 Nfd7 10. Nd5 $146 (10. f4 $11) ({Predecessor:} 10. f4 Nc6 11. Be3 f6 12. exf6 Nxf6 13. Bxc5 Bf5 {1-0 (35) Lazic,M (2472)-Faccia,S (2040) Casaleone 2008}) 10... Nc6 $15 11. f4 Nb6 12. Ne3 f6 13. Bxc6 bxc6 14. Nf3 Be6 15. exf6 exf6 16. f5 Bf7 $36 {[%mdl 2048] White is under pressure.} 17. b3 c4 18. Bb2 cxb3 19. axb3 Nd5 20. Kf2 Nxe3 21. Kxe3 Rd5 22. c4 (22. Rhd1 $15) 22... Rxf5 ({Black should try} 22... Re8+ $17 23. Kf2 Rd3) 23. g4 $1 $11 {[%cal Rg4f5]} Bh6+ (23... Rb8 $5 {[%cal Rb8b3]} 24. gxf5 Rxb3+ 25. Kd4 Rxf3 $11) 24. Kf2 {[#]} Rc5 $2 ({Much weaker is} 24... Rf4 $6 25. Bc1 $16) (24... Rxf3+ $1 $11 {[%mdl 512]} 25. Kxf3 Rb8 26. Bxf6 (26. Ra3 Bf8 $15) 26... Rxb3+ 27. Ke4 Bxc4) 25. Bd4 Bf8 26. Bxc5 Bxc5+ 27. Kg3 Rb8 28. Rab1 g5 29. Rhd1 Bg6 30. Rb2 Ba3 31. Rbd2 Rxb3 32. Rd8+ Kg7 33. R8d7+ Kh6 34. Kf2 Bc5+ 35. Nd4 $1 Rc3 36. Ke2 (36. Kf1 $1 $11) 36... Rxc4 $15 37. Nf5+ Bxf5 38. gxf5 $17 {[%mdl 4096] Endgame KRR-KRB} Re4+ $1 39. Kf3 Rf4+ 40. Kg2 Rxf5 41. Rc7 Rf2+ 42. Kg3 (42. Kh1 $17 {is a better defense.}) 42... Rc2 $19 43. Kg4 Rf2 $2 (43... Kg6 $19 44. Kf3 Bb6) 44. Rxc6 (44. Kg3 {is interesting.}) 44... Rf4+ 45. Kg3 Bb6 46. Rdd6 ({Better is} 46. Rd3 $15) 46... Kg6 $17 47. Re6 h5 48. Kg2 g4 (48... Rf2+ $17 49. Kg1 Rc2+ 50. Kf1 Rf2+ 51. Kg1 Bd4) 49. hxg4 $11 hxg4 50. Re8 (50. Re5 $1 $15) 50... Kf5 {White must now prevent ...Rf2+.} 51. Rh8 Rf2+ 52. Kg3 {intending Rh5+.} Rf3+ 53. Kg2 Bd4 $1 54. Rc4 Be5 (54... Rd3 $17 {And now ...Kf4 would win.} 55. Kf1 Bb6) 55. Rh5+ Ke6 56. Rxg4 Rb3 57. Ra4 Rb7 58. Ra6+ Kd7 59. Kf3 Kc7 60. Rh7+ Kb8 61. Rh8+ Kc7 62. Re6 Rb3+ 63. Ke4 Rb4+ 64. Kd5 Rd4+ 65. Kc5 Rd7 66. Rh1 (66. Rh3 {is more complex.} Bd4+ 67. Kc4 Be5 68. Ra6 Bd4 69. Rf3) 66... Bd4+ 67. Kb5 Be5 68. Rb1 Rd5+ 69. Kc4 Rd7 70. Ra6 Kd8 71. Rh1 Kc8 72. Kc5 Rc7+ 73. Kd5 Rd7+ 74. Ke6 Rc7 75. Rb1 Rb7 76. Rc1+ Kb8 77. Kd5 Rd7+ 78. Ke6 Rb7 79. Ra5 Rb6+ 80. Kd5 Kb7 81. Rc2 a6 82. Rac5 Rd6+ 83. Ke4 Rb6 84. Rg2 Rb4+ 85. Kd5 Rd4+ 86. Ke6 Rd6+ 87. Ke7 {Strongly threatening Rxe5!} Rb6 {...Bd6+ is the strong threat.} 88. Rg7 Rc6 89. Rd5 (89. Kf8+ {with more complications.} Kb6 90. Rxc6+ Kxc6 91. Ke7 a5 92. Ke6) 89... Rc7+ 90. Rd7 Rxd7+ 91. Kxd7 {KR-KB} Kb6 92. Rg1 a5 {[%cal Ba6a5,Ba5a4,Ba4a3][%mdl 32] aiming for ...a4.} 93. Ke6 a4 94. Kd5 $2 {[%mdl 8192] [#]} (94. Rg8 $11) 94... a3 $1 $19 {[%cal Ra3a2]} 95. Rg2 {[#]} Kb5 $1 {[%cal Rb5b4] Black mates.} 96. Ke4 Kc4 97. Rf2 Bb2 98. Kf5 Kb3 99. Rf3+ Bc3 100. Rf4 {Precision: White = 40%, Black = 70%.} 0-1

[Event "21st Alekhine FIDE 2017"]
[Site "Voronezh"]
[Date "2017.06.13"]
[Round "2"]
[White "Maratkanov, Evgeny"]
[Black "Natarov, Ilya"]
[Result "1-0"]
[WhiteElo "2145"]
[BlackElo "1881"]
[Annotator "TA"]
[PlyCount "111"]
[EventDate "2017.??.??"]
[EventType "swiss"]
[EventCountry "RUS"]
[SourceTitle "playchess.com"]
[Source "ChessBase"]
[SourceQuality "1"]

{[%evp 16,111,-4,-26,7,-34,-21,-26,-22,-21,0,-11,-4,-7,-4,-52,82,70,115,119,118,127,129,97,83,29,34,52,75,75,75,79,77,71,108,116,130,130,135,135,203,135,136,136,132,130,141,139,195,168,188,75,75,75,75,76,131,0,0,0,61,0,183,184,188,180,158,149,136,147,313,292,279,218,212,0,0,0,0,0,0,0,0,0,0,0,0,0,0,0,0,0,0,0,0,0,0,0]} 1. Nf3 d5 2. g3 c6 3. Bg2 Nf6 4. c4 dxc4 5. Qc2 b5 6. b3 {A11: English Opening: 1...c6} cxb3 7. axb3 Bb7 8. O-O e6 9. d4 {LiveBook: 17 Games} Nbd7 10. Ne1 $146 ({Predecessor:} 10. Nc3 a6 11. e4 c5 {½-½ (11) Bogosavljevic,B (2541)-Szuhanek,R (2457) Sombor 2008}) 10... Be7 11. Nd3 O-O 12. Ba3 a5 13. Bxe7 Qxe7 14. Nd2 Nd5 15. Bxd5 cxd5 (15... exd5 $15 {keeps the upper hand.} 16. e3 Qf6) 16. Qc7 $1 $16 {[%csl LRa5,LRb7]} Bc8 17. Rxa5 Rxa5 18. Qxa5 e5 19. dxe5 Nxe5 20. Nxe5 (20. Qxb5 $16 Bh3 21. Re1) 20... Qxe5 $11 21. Qxb5 Bg4 22. Nf3 Bxf3 23. exf3 $16 {[%mdl 4096] Endgame KQR-KQR} Rb8 24. Qd3 Qb2 25. Rb1 Qa2 26. Re1 Qa5 27. Re7 g6 (27... h6 $16 28. Qf5 Qa1+ 29. Kg2 Qf6 30. Qxf6 gxf6) 28. Rd7 Rd8 29. Rxd8+ Qxd8 {KQ-KQ} 30. Qd4 Qd7 31. b4 h5 (31... Qb5 $16 32. Kg2 Qd7) 32. Kf1 Qf5 33. Ke2 (33. Kg2 $18 {is more deadly. aiming for b5.} Qd7 34. g4) 33... Qc2+ 34. Ke3 Qc1+ 35. Qd2 Qc4 {[#]} (35... Qa3+ $142 36. Ke2 Qb3) 36. Qd4 (36. Qb2 $1 $16) 36... Qc1+ $14 37. Ke2 Qc2+ 38. Kf1 (38. Qd2 $14 Qc4+ 39. Qd3 Qxb4 40. Qxd5) 38... Qf5 $1 $18 39. Kg2 Qd7 {[#]} 40. g4 $1 hxg4 41. fxg4 {[%cal Bf3g4,Bg4g5][%mdl 32]} Kh7 42. h4 f5 $2 (42... Qc6 $16 {might work better.} 43. f3 Qc2+ 44. Kg3 Qc7+ 45. f4 Qe7) 43. g5 f4 44. Qxf4 d4 {[%cal Bd5d4,Bd4d3,Bd3d2][%mdl 32] intending ...d3.} 45. Qe4 $2 ({White should try} 45. Kf3 $18) 45... d3 $1 $11 {[%cal Rd3d2] And now ...d2 would win.The position is equal.} 46. h5 d2 47. Qxg6+ Kh8 48. Qf6+ Kg8 49. Qg6+ Kf8 50. Qf6+ Ke8 (50... Kg8 $5 51. Qg6+ $8 Kf8 52. Qf6+ Kg8 $11) 51. Qh8+ Ke7 52. Qf6+ Ke8 53. Qh8+ Ke7 54. Qf6+ Ke8 55. Qh8+ Ke7 56. Qf6+ {[%mdl 32768] Precision: White = 67%, Black = 53%. . Loss on Time!?} 1-0

[Event "21st Alekhine FIDE 2017"]
[Site "Voronezh"]
[Date "2017.06.13"]
[Round "2"]
[White "Kozlov, Sergej A."]
[Black "Stepanyan, Eva"]
[Result "1-0"]
[WhiteElo "2072"]
[BlackElo "1856"]
[Annotator "NA RC"]
[PlyCount "43"]
[EventDate "2017.??.??"]
[EventType "swiss"]
[EventCountry "RUS"]
[SourceTitle "playchess.com"]
[Source "ChessBase"]
[SourceQuality "1"]
[TimeControl "40/5400+30:1800+30"]

{[%evp 8,41,15,11,24,10,19,5,2,32767,32767,13,18,3,7,-14,11,-23,-16,-21,32,28,44,35,41,25,31,41,31,41,27,0,-12,0,0,0]} 1. d4 {[%emt 0:00:00]} Nf6 {[%emt 0:00:06]} 2. c4 {[%emt 0:00:00]} e6 {[%emt 0:00:05]} 3. Nf3 {[%emt 0:00:00]} b6 {[%emt 0:00:08]} 4. g3 {[%emt 0:00:00]} Bb7 {[%emt 0:00:07]} 5. Bg2 {[%emt 0:00:09]} Be7 {[%emt 0:00:13]} 6. O-O {[%emt 0:01:03]} O-O {[%emt 0:00:19]} 7. Nc3 {[%emt 0:00:59]} d5 {[%emt 0:01:36]} 8. cxd5 {[%emt 0:08:35]} exd5 {[%emt 0:00:15]} 9. Ne5 {[%emt 0:07:44]} Na6 {[%emt 0:00:32]} 10. a3 {[%emt 0:02:21]} c5 {[%emt 0:01:55] LiveBook: 21 Games} 11. Qd3 $146 {[%emt 0:02:06] E12: Queen's Indian: Unusual White 4th moves, 4 a3, 4 Nc3 Bb7 5 a3 and 4 Nc3 Bb7} ({Predecessor:} 11. Bf4 Nc7 12. dxc5 bxc5 13. Nc4 Ne6 14. Be5 Ne4 15. Nxe4 dxe4 16. Qc2 f5 17. Qb3 Qd5 18. Rfd1 Nd4 19. Bxd4 cxd4 20. Na5 Bf6 21. Qxb7 Qxa5 {½-½ (34) Simantsev,M (2464)-Eggleston,D (2407) Orlova 2014}) 11... Re8 {[%emt 0:06:11]} 12. e3 {[%emt 0:11:09]} Nc7 {[%emt 0:08:35]} 13. Rd1 {[%emt 0:00:58]} cxd4 {[%emt 0:03:12]} (13... Bd6 $11) 14. exd4 {[%emt 0:01:20]} Bd6 {[%emt 0:02:23]} 15. Bf4 {[%emt 0:01:43]} h6 {[%emt 0:02:28]} 16. Qf5 {[%emt 0:03:47]} Bc8 {[%emt 0:09:46]} 17. Qc2 {[%emt 0:01:33]} Bb7 {[%emt 0:04:20]} 18. Re1 {[%emt 0:09:07]} Ne6 {[%emt 0:04:18]} 19. Rad1 {[%emt 0:03:13]} Nxf4 {[%emt 0:09:04]} 20. gxf4 {[%emt 0:00:19]} Qc8 {[%emt 0:02:26]} 21. Qd3 $11 {[%emt 0:02:23]} Qg4 {[%emt 0:01:56]} 22. Nxg4 {[%emt 0:00:09]} 1-0

[Event "21st Alekhine FIDE 2017"]
[Site "Voronezh"]
[Date "2017.06.13"]
[Round "2"]
[White "Novikov, Sergey D."]
[Black "Maraktanov, Andrey"]
[Result "1-0"]
[WhiteElo "2061"]
[BlackElo "1821"]
[Annotator "NA RC"]
[PlyCount "65"]
[EventDate "2017.??.??"]
[EventType "swiss"]
[EventCountry "RUS"]
[SourceTitle "playchess.com"]
[Source "ChessBase"]
[SourceQuality "1"]
[TimeControl "40/5400+30:1800+30"]

{[%evp 8,65,72,73,32767,32767,32767,32767,61,60,56,32767,32767,32767,32767,32767,32767,32767,154,58,66,68,59,41,58,57,59,68,61,55,85,68,89,99,100,94,90,50,78,51,32767,32767,32767,32767,32767,86,102,55,598,679,845,967,29995,29996,29996,29997,29997,29998,32767,29999]} 1. d4 {[%emt 0:00:00]} Nf6 {[%emt 0:00:06]} 2. c4 {[%emt 0:00:00]} c5 {[%emt 0:00:06]} 3. d5 {[%emt 0:00:00]} e6 {[%emt 0:00:03]} 4. Nc3 {[%emt 0:00:00]} exd5 {[%emt 0:00:04]} 5. cxd5 {[%emt 0:00:00]} d6 {[%emt 0:00:07]} 6. e4 {[%emt 0:00:00]} a6 {[%emt 0:00:04]} 7. a4 {[%emt 0:00:00]} g6 {[%emt 0:00:04] A65: Modern Benoni: 6 e4} 8. Be2 {[%emt 0:05:45]} Bg7 {[%emt 0:00:30] LiveBook: 8 Games} 9. Nf3 {[%emt 0:01:30]} Bg4 {[%emt 0:00:16]} 10. Nd2 {[%emt 0:00:18]} (10. O-O O-O 11. h3 Bxf3 12. Bxf3 Nbd7 13. Re1 Re8 14. Bf4 Qc7 15. a5 Rac8 16. Qc2 c4 {½-½ (16) Nyzhnyk,I (2625)-Erdos,V (2650) Mamaia 2013}) 10... Bxe2 {[%emt 0:00:57]} 11. Qxe2 {[%emt 0:00:01]} O-O {[%emt 0:00:48]} 12. Nc4 {[%emt 0:01:39]} Qe7 {[%emt 0:07:26]} (12... Nbd7 $11 {keeps the balance.}) 13. O-O {[%emt 0:03:09]} (13. Bf4 $16 Rd8 14. Bxd6 Rxd6 15. Nxd6) 13... Nbd7 {[%emt 0:03:02]} 14. Bf4 {[%emt 0:09:10]} Ne8 $1 {[%emt 0:00:56]} 15. Rfe1 {[%emt 0:08:43]} Ne5 {[%emt 0:00:31]} 16. Nb6 $146 {[%emt 0:01:46]} ({Predecessor:} 16. Nxe5 Bxe5 17. Bh6 Qh4 18. Qd2 Qxh2+ 19. Kf1 Ng7 20. Ke2 Qxg2 21. Rh1 Bxc3 22. Qxc3 Qxe4+ 23. Kd2 Qxd5+ 24. Kc2 Nf5 25. Rad1 Qe4+ 26. Kb3 b5 27. Rh5 Qxa4# {0-1 (27) Southam,D (2129)-Findlay,I (2328) Guelph 2002}) 16... Rd8 {[%emt 0:01:22]} 17. Bg3 {[%emt 0:01:40]} g5 {[%emt 0:01:25]} 18. Nd1 {[%emt 0:16:49]} Bf6 {[%emt 0:01:33]} 19. Ne3 {[%emt 0:01:18]} Ng7 {[%emt 0:11:37]} 20. a5 {[%emt 0:01:22]} Rfe8 {[%emt 0:04:15]} 21. Qd2 {[%emt 0:08:53]} h5 {[%emt 0:01:27]} 22. f4 {[%emt 0:03:00]} gxf4 {[%emt 0:00:42]} 23. Bxf4 {[%emt 0:00:02]} Ng6 {[%emt 0:00:33]} 24. Nf5 {[%emt 0:01:24]} Nxf5 {[%emt 0:01:37]} 25. exf5 {[%emt 0:00:32]} Bd4+ {[%emt 0:00:24]} 26. Kh1 {[%emt 0:01:59]} Ne5 {[%emt 0:00:36]} 27. Ra3 {[%emt 0:03:11]} f6 $2 {[%emt 0:03:58]} (27... Qh4 $1 $14 28. Rh3 Qf2 29. Qxf2 Bxf2) 28. Rg3+ {[%emt 0:04:57]} Kf7 {[%emt 0:03:00]} 29. Bxe5 {[%emt 0:00:51]} fxe5 {[%emt 0:03:25]} 30. Qh6 {[%emt 0:00:15]} Rg8 {[%emt 0:02:24]} 31. Qh7+ {[%emt 0:00:03]} Kf6 {[%emt 0:00:12]} 32. Rg6+ {[%emt 0:00:01]} Kxf5 {[%emt 0:00:23]} 33. Rg7+ {[%emt 0:00:03]} 1-0

[Event "21st Alekhine FIDE 2017"]
[Site "Voronezh"]
[Date "2017.06.13"]
[Round "2"]
[White "Pavlova, Natalia"]
[Black "Manukovsky, Vladimir"]
[Result "0-1"]
[WhiteElo "1954"]
[BlackElo "2200"]
[Annotator "TA"]
[PlyCount "86"]
[EventDate "2017.??.??"]
[EventType "swiss"]
[EventCountry "RUS"]
[SourceTitle "playchess.com"]
[Source "ChessBase"]
[SourceQuality "1"]

{[%evp 11,86,27,83,75,89,90,91,83,89,82,89,91,110,110,175,170,160,183,177,144,175,155,149,132,152,159,198,184,220,175,229,238,260,268,244,162,165,73,74,66,94,66,93,14,15,16,0,0,12,-20,0,0,0,-230,-240,-223,-224,-290,-289,-295,-286,-572,-538,-906,-897,-931,-910,-867,-29,-50,-75,-1692,-1389,-29993,-29994,-29997,-29995]} 1. Nf3 c5 2. c4 Nc6 3. Nc3 g6 4. e3 {[%cal Be2e3,Be3d4,Bd4d5][%mdl 32]} Bg7 5. d4 cxd4 6. exd4 Nf6 (6... d6 $11 {keeps the balance.}) 7. d5 $16 {A35: Symmetrical English: 2 Nc3 Nc6 3 Nf3} Nb4 8. Be2 O-O 9. O-O {White is better.} d6 10. Be3 Ng4 $146 ({Predecessor:} 10... Na6 11. Nd4 Bd7 12. Re1 Re8 13. Rc1 Qc8 14. h3 b6 {1-0 (35) Konopka,M (2416)-Studnicka,T (2358) Czechia 2014}) 11. Bd4 Ne5 12. Ne1 b6 (12... f5 $16 {is a better defense.}) 13. f4 $18 Nd7 14. Bxg7 Kxg7 15. Qd4+ Kg8 16. a3 Na6 17. b4 $36 {[%mdl 2048] Keeping Black busy.} Nf6 18. Nc2 Bg4 19. Bd3 Bd7 20. Ne3 Nc7 (20... Nb8 {was called for.} 21. Be2 a5) 21. f5 Nce8 22. Rf3 Rc8 23. Qh4 b5 24. Rh3 (24. fxg6 $18 fxg6 25. Nxb5) 24... bxc4 25. Bc2 $1 (25. Bxc4 Qb6 $11) 25... Qb6 26. Kh1 {[%mdl 1024] White has strong compensation.} Kh8 $1 27. Rd1 ({Reject} 27. Nxc4 $6 Qc7 $11) (27. Re1 $16) 27... Rg8 $1 $11 28. Ne4 {Threatens to win with Ng5.} Rg7 29. Ng5 {aiming for Ng4.} c3 30. g4 Qa6 31. Qh6 Ba4 32. Bxa4 $2 (32. Bd3 $1 $11 {and White has nothing to worry.} Bb5 33. Bc2) 32... Qxa4 $19 33. fxg6 fxg6 34. Ne6 {[#]} Nxg4 $1 {[%mdl 512]} 35. Qf4 (35. Nxg4 Qxd1+) 35... Nef6 {White must now prevent ...Nxe3.} ({Worse is} 35... Nxe3 36. Qf8+ Rg8 37. Rxh7+ $1 {[%mdl 512]} Kxh7 38. Ng5+ Kh8 39. Qh6#) 36. Nxg7 $2 (36. Rg1 Qb5 37. Nxg7 Nxe3 38. Qxe3 Qxd5+ 39. Qf3 (39. Rf3 $2 c2 $19) 39... Kxg7 40. Qxd5 Nxd5 41. Rc1) 36... Nxe3 37. Rg1 Nexd5 38. Qh6 Qc6 39. Rf3 {[#]} c2 $2 (39... Nxb4 $1 $19 {[%mdl 512]} 40. Kg2 (40. axb4 Qxf3+) 40... Ng4) 40. Ne6 $11 {[%csl Ge6][%cal Rh6g7]} Rg8 {Hoping for ...Nc3.} 41. Nf8 $2 {[%mdl 8192] [#]} (41. Ng5 $17 Qe8 42. Rc1) 41... g5 $1 {( -> ...Nf4)} 42. Rc1 (42. Rxg5 c1=Q+) 42... Nf4 43. Rcf1 c1=Q {Precision: White = 50%, Black = 67%.} 0-1

[Event "21st Alekhine FIDE 2017"]
[Site "Voronezh"]
[Date "2017.06.13"]
[Round "2"]
[White "Matveenko, Yury"]
[Black "Shishkin, Aleksey A."]
[Result "1/2-1/2"]
[WhiteElo "1928"]
[BlackElo "2191"]
[Annotator "TA"]
[PlyCount "82"]
[EventDate "2017.??.??"]
[EventType "swiss"]
[EventCountry "RUS"]
[SourceTitle "playchess.com"]
[Source "ChessBase"]
[SourceQuality "1"]

{[%evp 9,82,26,20,16,23,20,20,-5,0,-9,2,-25,-11,-20,-19,-25,-22,-28,-19,-27,-7,-48,-19,-50,-63,-59,-42,-52,-11,-49,-18,-26,-2,-53,0,-53,-34,-37,-41,-49,-31,-31,-26,-26,-27,-37,-9,-15,-11,-10,-10,-18,-7,-32,-20,-30,0,0,0,0,15,8,22,0,0,0,28,0,12,-1,0,-14,0,-5,145]} 1. Nf3 e6 2. g3 Nf6 3. Bg2 b6 (3... d5 4. O-O Be7 5. c4 O-O 6. b3 d4 7. e3 c5 8. exd4 cxd4 9. d3 Nc6 10. Re1 Bb4 11. Bd2 Bd6 12. a3 a5 13. Bg5 h6 14. Bxf6 Qxf6 15. Nbd2 {½-½ (80) Efimenko,Z (2651)-Kravtsiv,M (2645) Rivne 2016}) 4. Ne5 c6 5. d4 Bb7 6. c4 {A05: Réti Opening: 1 Nf3 Nf6} d6 7. Nd3 d5 8. cxd5 $146 ({Predecessor:} 8. Nc3 Nbd7 9. cxd5 exd5 10. O-O Bd6 11. Bf4 Bxf4 12. Nxf4 {½-½ (40) Rieke,T (2255)-Kamp,C (2275) Germany 1988}) 8... cxd5 9. Nc3 Nc6 10. e3 Be7 11. O-O O-O $36 {[%mdl 2048] Black fights for an advantage.} 12. Bd2 Ba6 13. Qb1 Rc8 14. Rd1 Qc7 15. Bf1 Qb7 16. Nf4 Bxf1 17. Rxf1 Na5 18. b3 Bb4 19. Qd3 (19. Ne4 $5 {[%cal Re4f6]} Bxd2 20. Nxd2 $11) 19... Ba3 20. Nb5 Be7 21. Rfc1 ({White must play} 21. Bxa5 $1 $11 bxa5 22. Rac1) 21... a6 (21... Nc6 $15 22. a3 a6) 22. Nc3 ({White should play} 22. Bxa5 $11 bxa5 23. Rxc8 Rxc8 24. Nc3) 22... Ba3 (22... Nc6 $5 {[%cal Re7a3]} 23. a3 Rfd8 $15) 23. Rd1 Nc6 {Threatens to win with ...Bb2.} 24. Bc1 Bd6 25. Bb2 Rc7 26. Rac1 Rfc8 27. f3 Nb8 28. Nce2 Rxc1 29. Rxc1 Rxc1+ 30. Bxc1 Qc6 (30... b5 {feels hotter.} 31. Nh3 b4 32. Nf2 Nbd7 33. Bd2 a5) 31. Qc3 (31. Bd2 {keeps more tension.} h6 32. Nh3 Qb7 33. Nf2 Nc6 34. Kg2) 31... Qxc3 (31... Bxf4 $5 32. gxf4 Qxc3 33. Nxc3 Nc6 $11) 32. Nxc3 Kf8 (32... Bxf4 $5 33. gxf4 g6 $11) 33. Nd3 Ke8 34. Na4 Nbd7 35. Kf2 Kd8 36. Ke2 Kc7 37. Bd2 b5 38. Nc3 Nb8 {The position is equal.} 39. Be1 Nc6 40. h3 Kb7 41. g4 Nb4 {Precision: White = 45%, Black = 37%.} (41... b4 $11 42. Na4 Nd7) 1/2-1/2

[Event "21st Alekhine FIDE 2017"]
[Site "Voronezh"]
[Date "2017.06.13"]
[Round "2"]
[White "Piskov, Vladimir A."]
[Black "Peschansky, Mikhail"]
[Result "0-1"]
[WhiteElo "1909"]
[BlackElo "2162"]
[Annotator "TA"]
[PlyCount "94"]
[EventDate "2017.??.??"]
[EventType "swiss"]
[EventCountry "RUS"]
[SourceTitle "playchess.com"]
[Source "ChessBase"]
[SourceQuality "1"]

{[%evp 16,94,47,43,51,27,66,41,43,45,36,42,41,-2,8,0,0,-4,0,0,0,6,0,-73,-14,-13,-16,-21,-21,-68,-57,-68,-69,-72,-47,-64,-58,-61,-66,-95,-77,-75,-67,-87,-65,-87,-76,-97,-96,-102,-97,-139,-138,-183,-187,-226,-210,-262,-195,-320,-304,-371,-376,-361,-351,-1100,-1138,-1134,-1119,-1129,-1128,-1100,-1073,-4111,-29978,-29989,-29990,-29990,-29991,-29991,-29992]} 1. d4 d5 2. Nf3 Nf6 3. g3 g6 4. Bg2 Bg7 5. O-O O-O 6. c4 c6 7. b3 h6 8. Bb2 Be6 9. Nbd2 Nbd7 {D78: Fianchetto Grünfeld: 6 0-0 c6} 10. Re1 (10. Rc1 b5 11. Ne1 bxc4 12. bxc4 Qa5 13. Nd3 Rab8 14. Bc3 Qa3 15. Nf4 Bf5 16. cxd5 cxd5 17. Nxd5 Nxd5 18. Bxd5 {1-0 (40) Colovic,A (2451)-Veleski,R (2265) Skopje 2011}) 10... Ne4 11. e3 $146 ({Predecessor:} 11. Qc2 Bf5 12. Nh4 Nxg3 13. Nxf5 Nxf5 14. Nf3 e6 15. Rad1 Re8 16. Kh1 a5 17. e4 dxe4 18. Rxe4 {1-0 (34) Pfrengle,T (1995)-Minz,M (2110) Gau Algesheim 2014}) 11... f5 {White is slightly better.} 12. Rc1 Bf7 13. Qc2 e6 14. Qb1 Qe7 15. Rc2 g5 16. Qc1 Rfe8 17. Ne5 Nxe5 18. dxe5 g4 19. h4 (19. Ba3 $11 Qg5 20. Bb2) 19... Bg6 (19... Nc5 $1 $17 {aiming for ...Nd3.} 20. Bf1 Nd7) 20. Ba3 Qf7 21. Nxe4 fxe4 22. Bd6 Qf5 23. Qb2 Red8 24. Qa3 Rd7 25. Rd1 Bxe5 26. Bxe5 Qxe5 27. Qc5 Qd6 $36 {[%mdl 2048] Black is in control.} 28. Qa5 Qe7 29. Rcd2 a6 {[%cal Ba7a6,Ba6a5][%mdl 32]} 30. Qc3 Qg7 31. Qb4 a5 32. Qa3 Qc3 33. Rd4 {[#]} e5 $1 {[%cal Re5d4]} 34. R4d2 {[%cal Rc4d5] [#]} d4 $1 {[%cal Bd5d4,Bd4d3][%mdl 32]} 35. Qc5 {Threatens to win with h5.} d3 36. Kf1 Kf7 37. Ke1 (37. a4 {was called for.}) 37... Ke6 $19 38. Qa3 {[#]} a4 $1 {[%mdl 512]} 39. Rb1 (39. bxa4 Qxa3) 39... Rdd8 40. Qc5 $2 (40. Qb2 Qxb2 41. Rbxb2) 40... axb3 41. a3 b2 {White must now prevent ...Qc1+.} 42. Qb4 Qc1+ 43. Rd1 d2+ 44. Ke2 Qc2 {[%csl Gd8,Ge4,Gg6][%cal Rc2d3]} 45. f4 {Black mates.} exf3+ 46. Kf2 Qxb1 47. Rxb1 Bxb1 {Precision: White = 29%, Black = 73%.} 0-1